[Event "Wloclawek CC Classic 06th"]
[Site "Wloclawek"]
[Date "2013.??.??"]
[Round "7"]
[White "Zywiczka, Adam"]
[Black "Duda, Jan"]
[Result "0-1"]
[WhiteElo "1200"]
[BlackElo "1200"]
[PlyCount "70"]
[EventDate "2013.03.??"]
[EventType "swiss"]
[EventRounds "7"]
[EventCountry "POL"]
[SourceTitle "EXT 2021"]
[Source "ChessBase"]
[SourceDate "2020.10.23"]
[SourceVersion "1"]
[SourceVersionDate "2020.10.23"]
[SourceQuality "1"]

1. e4 e5 2. Bc4 Nc6 3. Qh5 Qf6 4. d3 Qg6 5. Qxg6 fxg6 6. Bxg8 Rxg8 7. Nc3 Nd4 8. Be3 Nxc2+ 9. Kd1 Nxa1 10. Nd5 Rb8 11. Bxa7 c6 12. Nc7+ Kd8 13. Bxb8 Bd6 14. Kc1 Bxc7 15. Bxc7+ Kxc7 16. Kb1 Rf8 17. f3 b6 18. Kxa1 Ba6 19. Nh3 Bxd3 20. Ng5 Ra8 21. Nxh7 b5 22. Rd1 Bc4 23. h4 Bxa2 24. b3 Bxb3+ 25. Kb1 Bxd1 26. g4 Bxf3 27. h5 gxh5 28. gxh5 Bxe4+ 29. Kc1 Bxh7 30. h6 gxh6 31. Kd1 Ra2 32. Ke1 b4 33. Kf1 b3 34. Kg1 b2 35. Kh1 b1Q# 0-1